000 00525nam a2200169 i 4500
001 150422
003 ES-MaACL
005 20230906203515.0
007 t|
008 071030s1965 sp ||||1| spa d
100 1 _aValbuena Prat, Ángel,
_d1900-1977
_9112459
245 1 0 _aLiteratura española en sus relaciones con la universal /
_cAngel Valbuena Prat.
260 _a[Madrid :
_bs.n.,
_c1965] (
_fGráf. Reunidas)
300 _a528 p. ;
_c34 cm.
852 _aES-MaACL
_jC-28708
_bR.58175
999 _c150422
_d150422